Score 0/24 Timer 06:00
0 Plays Today
% Correct
Tied
94.3%
Erased
94.2%
Kicked
94%
Rolled
94%
Folded
93.9%
Strict
93%
Mended
92.8%
Polished
92.6%
Washed
92.6%
Underground
92.1%
Loyal
92%
Outlined
92%
% Correct
Zipped
91.8%
Guarded
91.7%
Conducted
91.7%
Hourly
91.3%
Imported
91%
Automatic
90.6%
Driven
89.7%
Vast
89.4%
Noble
89.1%
Yanked
88.2%
Bound
85.7%
Justified
79.9%
Remove Ads.
Support Sporcle.
Get the best of Sporcle when you Go Orange. This ad-free experience offers more features, more stats, and more fun while also helping to support Sporcle. Thank you for becoming a member.

You're not logged in!

Compare scores with friends on all Sporcle quizzes.
OR
Log In

Show Comments

Extras

Top Quizzes Today


Score Distribution

Your Account Isn't Verified!

In order to create a playlist on Sporcle, you need to verify the email address you used during registration. Go to your Sporcle Settings to finish the process.

Report this User

Report this user for behavior that violates our Community Guidelines.

Details: